ბათუმის შოთა რუსთაველის სახელმწიფო უნივერსიტეტის ბიბლიოთეკა

ასმათ ჯიჯავაძე:ნარკვევი (ბიბ.ჩანაწერი № 48260)

000 -LEADER
fixed length control field 00671nam a2200205Ia 4500
001 - CONTROL NUMBER
control field 15144
003 - CONTROL NUMBER IDENTIFIER
control field GE_BSU
008 - FIXED-LENGTH DATA ELEMENTS--GENERAL INFORMATION
fixed length control field 181216s||||||||xx |||||||||||||| ||und||
040 ## - CATALOGING SOURCE
Transcribing agency GE_BSU
080 ## - UNIVERSAL DECIMAL CLASSIFICATION NUMBER
Universal Decimal Classification number 821.353.1-4+331.108.54(479.22)
100 ## - MAIN ENTRY--PERSONAL NAME
Personal name მალაზონია,ნესტორ
245 ## - TITLE STATEMENT
Title ასმათ ჯიჯავაძე:ნარკვევი
245 ## - TITLE STATEMENT
Statement of responsibility, etc. რედ.კ.რუსიძე
260 ## - PUBLICATION, DISTRIBUTION, ETC.
Place of publication, distribution, etc. ბათუმი
260 ## - PUBLICATION, DISTRIBUTION, ETC.
Name of publisher, distributor, etc. აჭარის სახელგამი
260 ## - PUBLICATION, DISTRIBUTION, ETC.
Date of publication, distribution, etc. 1950
300 ## - PHYSICAL DESCRIPTION
Extent 40გვ.ილ.20სმ.
653 ## - INDEX TERM--UNCONTROLLED
Uncontrolled term ასმათ ჯიჯავაძე:ნარკვევი
942 ## - ADDED ENTRY ELEMENTS (KOHA)
Koha item type წიგნი
ეგზემპლარები
Withdrawn status Lost status Damaged status Not for loan Date acquired Barcode Date last seen Price effective from Koha item type
        2018-12-17 38171 2018-12-17 2018-12-17 წიგნი
        2018-12-17 38172 2018-12-17 2018-12-17 წიგნი